| 000 | 01731nam a2200193Ia 4500 | ||
|---|---|---|---|
| 999 |
_c8136 _d8136 |
||
| 005 | 20241026141011.0 | ||
| 008 | 230506s9999 xx 000 0 und d | ||
| 020 | _a968363804 | ||
| 040 |
_aUPAN _cBiblioteca San Vicente _eRCAA2 |
||
| 041 | _aspa | ||
| 082 |
_a346.018 _bB837i _c1994 |
||
| 100 |
_aBrena Sesma, Ingrid _4aut. |
||
| 245 | 0 | _aIntervención del Estado en la tutela de menores. | |
| 250 | _a1° ed. | ||
| 260 |
_aMexico _bUNAM _c1994 |
||
| 300 |
_a158 p. _c21 cm. |
||
| 505 | _aCapitulo Primero: Desarrollo histórico de la intervención del poder publico en la tutela de menores. I. Introducción. II. La tutela como potestad familiar. III. Intervención de la autoridad pública. Capitulo Segundo: Sistemas tutelares. I. Introducción. II. Sistema de control familiar. III. Sistemas de autoridad. IV. Tutela ejercida directamente por el estado. V. Conclusiones. Capitulo Tercero: Intervención de los órganos del estado en las funciones tutelares. Capitulo Cuarto: Intervención del juez. I. Actividad judicial. II. Principios que sustentan la actuación judicial. III. Intervención en las funciones tutelares. Capitulo Quinto: Intervención del ministerio público en la tutela de menores. I. Antecedentes. II. El Ministerio Público como defensor del interés público. III. Marco legal. IV. Auxiliar de la función jurisdiccional. V. Clasificación de las actuaciones del Ministerio Público. Capitulo Sexto: Intervención de las autoridades administrativas. I. Ideas generales. II. Principios que rigen la actuación de los órganos de la administración pública. III. Órganos administrativos que intervienen en la tutela. Colofón. Unidad de actuación del estado. | ||
| 942 |
_cBK _2ddc |
||